00920nam a2200265 a 450000100100000000500170001000800410002702000150006804000250008304100380010808200210014610000380016724000330020524500600023825000110029826000400030930000200034949000260036953400410039570000320043683000350046804900090050395201250051299900170063700002586820200930024119.0110223s2000 sp r 000 f spa d a847844324X aDO-SdBNPbspacBNPHU17aspaheng2Código de idioma MARC aNNNbW222p, 20001 aWalset, Robertd1878-1956.95271210aDer spaziergang.lEspañol.10aEl paseo /cRobert Walser ; traducción Carlos Fortea. a3a ed. aMadrid :bEdiciones Siruela,c2000. a79 p. ;c21 cm.1 aLibros del tiempov86 aTítulo original:tDer spaziergang.1 aFortea, Carlos,etr.952713 0aLibros del tiempo ;v86952714 aBNGR 001054708MOaGRbGRcCTd2011-02-23iLF1l0oNNN W222p, 2000p25868-10r2020-06-25w2020-06-25y4ZPréstamo en sala c25360d25360